000 00374nam a2200145Ia 4500
008 211109s9999||||xx |||||||||||||| ||und||
082 _a516.24
_bJOH-T
100 _aJohnson, W E
245 0 _aTratise On Trignometry
260 _bMacmillan and Co., Limited
_aKingston
_c1989
300 _a356p.
630 _xGeneral Stack
650 _aGEOMETRY
_xMathematics
942 _cBOOK
999 _c4446
_d4446